| 000 | 00667nam a2200229 i 4500 | ||
|---|---|---|---|
| 001 | 121301 | ||
| 003 | ES-MaACL | ||
| 005 | 20250928145547.0 | ||
| 007 | t| | ||
| 008 | 070214s1946 sp r ||||1| spa d | ||
| 100 | 1 |
_aPriestley, J. B. _993870 |
|
| 245 | 1 | 3 |
_aLa isla lejana / _cJ. B. Priestley ; traducción de J. Romero de Tejada y Diego Navarro. |
| 250 | _a1ª ed. | ||
| 260 |
_aBarcelona : _bLara, _c1946. |
||
| 300 |
_a470 p. ; _c23 cm. |
||
| 490 | 1 | _aAmanecer | |
| 700 | 1 |
_aRomero de Tejada, J. _999376 |
|
| 700 | 1 |
_aNavarro Gonçalvez, Diego _9156259 |
|
| 830 | 0 |
_aAmanecer _9181036 |
|
| 852 |
_aES-MaACL _jE-1753 _bR.22454 |
||
| 999 |
_c121301 _d121301 |
||